Palau i Fabre : 90 anys 90 anys
Publicado:
[Barcelona] :
Fundació Palau, Caja de Ahorros del Mediterráneo, Xarxa de Museus Locals, Diputació de Barcelona ,
2007
Descripción Física:
27 p. : fot. ; 21 cm
Otros Autores:
Caja de Ahorros del Mediterráneo
Materias:
Palau i Fabre, Josep
MARC
| LEADER | 00000nam a2200000Ia 4500 | ||
|---|---|---|---|
| 001 | 19459 | ||
| 008 | 160829s2007 xx 000 0 cat d | ||
| 080 | |a FU-6-38 | ||
| 245 | |a Palau i Fabre : |b 90 anys | ||
| 260 | |a [Barcelona] : |b Fundació Palau, Caja de Ahorros del Mediterráneo, Xarxa de Museus Locals, Diputació de Barcelona, |c 2007 | ||
| 300 | |a 27 p. : |b fot. ; |c 21 cm | ||
| 650 | |a Palau i Fabre, Josep | ||
| 700 | |a Caja de Ahorros del Mediterráneo |9 35517 | ||
| 710 | 1 | |a Barcelona (Catalunya : Província). |b Xarxa de Museus Locals |9 52963 | |
| 710 | 2 | |a Fundació Palau (Caldes d'Estrac, Catalunya) |9 53857 | |
| 710 | 1 | |a Barcelona (Catalunya : Província). |b Diputació |9 52408 | |
| 901 | |a Arxiu | ||
| 942 | |n 1 | ||
| 952 | |0 0 |1 0 |4 0 |6 FU638 |7 1 |9 46938 |a Arxiu |b Arxiu |d 2016-12-01 |l 0 |o FU-6-38 |p 19459 |r 2016-12-01 00:00:00 |w 2016-12-01 |y ARXIU | ||
| 999 | |c 50731 |d 50731 | ||